Libuše Moníková : moje knihy jsou drahé = meine Bücher sind teuer /

Hlavní autor: Moníková, Libuše, 1945-1998
Další autoři: Koutková, Lucie, Pfeiferová, Dana, 1967-
Jazyk: Němčina
Čeština
Vydáno: Praha : Památník národního písemnictví, 2008
Témata:
Externí odkaz: Digitalizovaný dokument
Fyzický popis: [162] s. : il., portréty, faksim. ; 28 cm
Language note: Souběžný německý text
Knihy
Uloženo v:
LEADER 02139nam a2200517 a 4500
001 nkc20081786011
003 CZ PrNK
005 20080707153649.0
007 ta
008 080109s2008 xr ach e c 000 0dcze
015 |a cnb001786011 
020 |a 978-80-85085-82-2  |q (brož.) 
035 |a (OCoLC)236555209 
040 |a OLA001  |b cze  |d ABA001 
041 1 |a cze  |a ger  |h ger 
045 |a x4x9 
072 7 |a 821.112.2.09  |x Německá literatura, německy psaná (o ní)  |2 Konspekt  |9 11 
080 |a 821.112.2-3  |2 MRF 
080 |a (048.8)  |2 MRF 
080 |a (083.824)  |2 MRF 
100 1 |a Moníková, Libuše,  |d 1945-1998  |7 jn19990209559  |4 aut 
245 1 0 |a Libuše Moníková :  |b moje knihy jsou drahé = meine Bücher sind teuer /  |c [texty Lucie Koutková a Dana Pfeiferová] 
246 1 |i Název v tiráži:  |a Libuše Moníková: moje knihy jsou drahé 
246 3 0 |a Moje knihy jsou drahé 
246 3 0 |a Meine Bücher sind teuer 
260 |a Praha :  |b Památník národního písemnictví,  |c 2008 
300 |a [162] s. :  |b il., portréty, faksim. ;  |c 28 cm 
500 |a "Vydáno u příležitosti výstavy k desátému výročí úmrtí autorky - Praha, 2008"--Tiráž 
504 |a Obsahuje bibliografii a bibliografické odkazy 
546 |a Souběžný německý text 
600 1 7 |a Moníková, Libuše,  |d 1945-1998  |7 jn19990209559  |2 czenas 
648 7 |a 20. století  |7 ch460558  |2 czenas 
650 0 7 |a německy psaná próza  |7 ph123466  |y 20. století  |2 czenas 
650 0 9 |a prose literature in German  |y 20th century  |2 eczenas 
655 7 |a studie  |7 fd133597  |2 czenas 
655 7 |a katalogy výstav  |7 fd132536  |2 czenas 
655 9 |a studies  |2 eczenas 
655 9 |a exhibition catalogs  |2 eczenas 
700 1 |a Koutková, Lucie  |7 xx0077445  |4 wfw 
700 1 |a Pfeiferová, Dana,  |d 1967-  |7 mzk2004257551  |4 wfw 
856 4 1 |u http://www.digitalniknihovna.cz/mzk/uuid/uuid:72ad2e00-3851-11ea-8f9e-005056827e51  |y Digitalizovaný dokument  |x NDK 
910 2 |a BOA001  |b 3-1202.456 
990 |a BK 
995 |a 01 
991 |b 200805  |c NOV 
996 6 |b 2610342550  |c 3-1202.456  |l MZK  |r Sklad / do 1 hodiny  |n 7  |p p.v.  |w 000896949  |u 000010  |a 1  |e BOA001  |j MZK50  |s P